|
|
|
|
| LEADER |
01208pam a22002778a 4500 |
| 001 |
00044688 |
| 008 |
110506s1983 ||||||Viesd |
| 005 |
20190926090928.0 |
| 020 |
# |
# |
|a 9786049726354
|c 0
|
| 041 |
0 |
# |
|a Vie
|
| 082 |
1 |
4 |
|a 398.095 973 8
|b V115H
|
| 245 |
0 |
0 |
|b Nghiên cứu văn hóa
|a Văn hóa dân gian trên đất Nam Trực - Trực Ninh tỉnh Nam Định
|c Hồ Đức Thọ (chủ biên) ... [và nh.ng. khác]
|
| 260 |
# |
# |
|a Hà Nội
|b Hội Nhà Văn
|c 2018
|
| 300 |
# |
# |
|a 659 tr.
|c 21 cm.
|
| 500 |
# |
# |
|a ĐTTS ghi : Liên hiệp các hội văn học nghệ thuật Việt Nam. Hội văn học nghệ thuật các dân tộc thiểu số Việt Nam
|
| 653 |
# |
# |
|a Nam Định
|
| 653 |
# |
# |
|a Việt Nam
|
| 653 |
# |
# |
|a Văn hóa dân gian
|
| 700 |
1 |
# |
|a Hồ, Đức Thọ
|e Chủ biên
|
| 700 |
1 |
# |
|a Nguyễn, Xuân Cao
|
| 700 |
1 |
# |
|a Đồng, Ngọc Hoa
|
| 700 |
1 |
# |
|a Đỗ, Thanh Dương
|
| 700 |
1 |
# |
|a Đỗ, Đình Thọ
|e Sưu tầm, biên dịch, giới thiệu
|
| 852 |
# |
# |
|j KD.0025351
|
| 910 |
# |
# |
|d 23/9/2019
|
| 980 |
# |
# |
|a Trung tâm Học liệu Lê Vũ Hùng, Trường Đại học Đồng Tháp
|